000 00640nam a2200241Ia 4500
003 OSt
005 20220924152705.0
006 a|||||r|||| 00| 0
007 ta
008 220923b |||||||| |||| 00| 0 ara d
024 _a343837
037 _cTextual
040 _aARTS
_cARTS
_bara
041 _2ara
_aara
082 _aQ71:353, 28K3
100 _aYusuf Ali Bin Sulaiman Au.
_9227214
245 0 _aFi-muataqad-e-ahal sunnat wal hamia
260 _c1963
650 _a SUNNIS
_9173089
650 _aISLAM
_9577
942 _hQ71:353, 28K3
_cTEXL
_2CC
999 _c470640
_d470640